000 00780cam a2200133 4500500
005 20251214014559.0
041 _afre
042 _adc
100 1 0 _aGourieux, Thierry
_eauthor
245 0 0 _aCinématique et dynamique classiques du point matériel : Initiation à la mécanique de Newton
260 _bEllipses,
_c2022.
520 _a- Cours d’initiation à la mécanique de Newton.- Des exercices accompagnés de corrigés détaillés.- Les mathématiques employées font l’objet de 5 annexes.Public: étudiants en licence et en CPGE.L’auteur: Thierry Gourieux est physicien au sein de l’université de Lorraine.
856 4 1 _uhttps://stm.cairn.info/cinematique-et-dynamique-classiques-du-point-materiel-bis--9782340064324?lang=fr&redirect-ssocas=7080
999 _c1570541
_d1570541